Hasan al-Banna /

Bibliographic Details
Main Author: Krämer, Gudrun
Format: Book
Language:English
Published: Oxford : Oneworld, 2010.
Series:Makers of the Muslim world.
Subjects:

MARC

Tag First Indicator Second Indicator Subfields
LEADER 00000cam a2200000 a 4500
001 in00002542221
005 20151113141207.0
008 090812s2010 enk b 001 0beng
015 |a GBA982332  |2 bnb 
016 7 |a 015352542  |2 Uk 
020 |a 9781851684304 (hbk.) 
020 |a 1851684301 (hbk.) 
029 1 |a NLGGC  |b 321393414 
035 |a (OCoLC)ocn318421544 
035 |a (OCoLC)318421544 
040 |a UKM  |c UKM  |d BTCTA  |d C#P  |d BWX  |d BWK  |d YDXCP  |d UtOrBLW 
049 |a TXAM 
050 4 |a BP80.B25  |b K73 2010 
082 0 4 |a 962.052092  |2 22 
100 1 |a Krämer, Gudrun. 
245 1 0 |a Hasan al-Banna /  |c Gudrun Krämer. 
264 1 |a Oxford :  |b Oneworld,  |c 2010. 
300 |a viii, 144 pages ;  |c 23 cm. 
336 |a text  |b txt  |2 rdacontent 
337 |a unmediated  |b n  |2 rdamedia 
338 |a volume  |b nc  |2 rdacarrier 
490 1 |a Makers of the Muslim world series 
504 |a Includes bibliographical references and index. 
600 1 0 |a Bannā, Ḥasan,  |d 1906-1949. 
610 2 0 |a Jamʻīyat al-Ikhwān al-Muslimīn (Egypt) 
650 0 |a Muslims  |z Egypt  |v Biography. 
651 0 |a Egypt  |x Politics and government  |y 1882-1952. 
830 0 |a Makers of the Muslim world. 
938 |a Baker and Taylor  |b BTCP  |n BK0008310122 
938 |a Blackwell Book Service  |b BBUS  |n R4820526  |c $40.00 
938 |a Blackwell Book Service UK  |b BBUK  |n L8836531  |c 30.00 
938 |a YBP Library Services  |b YANK  |n 3067340 
945 |a PromptCat  |b 887546 
946 |a stk 
947 |a A14840047269 
994 |a 92  |b TXA 
948 |a cataloged  |b h  |d 2010/1/28  |h c  |e asalazar  |f 3:42:16 pm 
999 |a MARS 
999 f f |s 1aa30b92-baae-336b-abc7-9a251373bca7  |i 3934c9b2-7b1b-3a81-89a8-f715551ba546  |t 0 
952 f f |p normal  |a Texas A&M University  |b College Station  |c Sterling C. Evans Library  |d Evans: Library Stacks  |t 0  |e BP80.B25 K73 2010  |h Library of Congress classification  |i unmediated -- volume  |m A14840047269 
998 f f |a BP80.B25 K73 2010  |t 0  |l Evans: Library Stacks